Nutuk : (Record no. 72864)
[ view plain ]
| 000 -LEADER | |
|---|---|
| fixed length control field | 00964 a2200301 4500 |
| 001 - CONTROL NUMBER | |
| control field | 72864 |
| 003 - CONTROL NUMBER IDENTIFIER | |
| control field | TR-AnTOB |
| 005 - DATE AND TIME OF LATEST TRANSACTION | |
| control field | 20230712001141.0 |
| 008 - FIXED-LENGTH DATA ELEMENTS--GENERAL INFORMATION | |
| fixed length control field | 120412s2008 tu 000 0 |
| 040 ## - CATALOGING SOURCE | |
| Original cataloging agency | TR-AnTOB |
| Transcribing agency | TR-AnTOB |
| 041 0# - LANGUAGE CODE | |
| Language code of text/sound track or separate title | Türkçe |
| 050 00 - LIBRARY OF CONGRESS CALL NUMBER | |
| Classification number | DR592.K4 |
| Item number | N88 2008 |
| 090 ## - LOCALLY ASSIGNED LC-TYPE CALL NUMBER (OCLC); LOCAL CALL NUMBER (RLIN) | |
| Classification number (OCLC) (R) ; Classification number, CALL (RLIN) (NR) | AV DR592.K4 N88 2008 |
| 245 00 - TITLE STATEMENT | |
| Title | Nutuk : |
| Remainder of title | 1919-1927 = Söylev |
| Statement of responsibility, etc. | Proje İstanbul Production ; seslendirme sanatçısı Sefa Zengin. |
| Medium | [sound recording] / |
| 246 3# - VARYING FORM OF TITLE | |
| Title proper/short title | Söylev |
| 260 ## - PUBLICATION, DISTRIBUTION, ETC. | |
| Place of publication, distribution, etc. | İstanbul: |
| Name of publisher, distributor, etc. | İstanbul Production, |
| Date of publication, distribution, etc. | [2008]. |
| 300 ## - PHYSICAL DESCRIPTION | |
| Extent | 1 compact disc. |
| 500 ## - GENERAL NOTE | |
| General note | Tam metin, 24 saat, sesli. |
| 600 ## - SUBJECT ADDED ENTRY--PERSONAL NAME | |
| Personal name | Atatürk, Mustafa Kemal |
| Dates associated with a name | 1881-1938 |
| 9 (RLIN) | 20781 |
| 651 #0 - SUBJECT ADDED ENTRY--GEOGRAPHIC NAME | |
| Geographic name | Türkiye |
| General subdivision | Siyaset ve yönetim |
| Chronological subdivision | 1918-1960 |
| 9 (RLIN) | 86916 |
| Geographic name | Türkiye |
| General subdivision | Tarih |
| Chronological subdivision | 1918-1960 |
| 9 (RLIN) | 51899 |
| 700 0# - ADDED ENTRY--PERSONAL NAME | |
| Personal name | Zengin, Sefa |
| 9 (RLIN) | 49886 |
| 710 #2 - ADDED ENTRY--CORPORATE NAME | |
| Corporate name or jurisdiction name as entry element | İstanbul Production |
| 9 (RLIN) | 49887 |
| 903 ## - LOCAL DATA ELEMENT C, LDC (RLIN) | |
| a | Merkez Kütüphane Görsel-İşitsel Materyaller bölümü |
| 942 ## - ADDED ENTRY ELEMENTS (KOHA) | |
| Koha item type | VCD |
| Source of classification or shelving scheme | Library of Congress Classification |
| 945 ## - LOCAL PROCESSING INFORMATION (OCLC) | |
| a | CS |
| Withdrawn status | Lost status | Source of classification or shelving scheme | Not for loan | Home library | Current library | Shelving location | Date acquired | Source of acquisition | Cost, normal purchase price | Serial Enumeration / chronology | Total Checkouts | Total Holds | Full call number | Barcode | Copy number | Cost, replacement price | Date shelved | Koha item type |
|---|---|---|---|---|---|---|---|---|---|---|---|---|---|---|---|---|---|---|
| Ödünç Verilebilir / Available | Merkez Kütüphane | Merkez Kütüphane | DVD/VCD Koleksiyonu / Audio Visual | 26/12/2008 | Bağış / Donation | 0.00 | 1 | AV DR592.K4 N88 2008 | CD01034 | 1 | 0.01 | 21/04/2010 | Compact disc |
